Countries With Over 250,000 Military Personnel Part 3 - Statistics

General Stats
  • This quiz has been taken 20 times
  • The average score is 36 of 44
Answer Stats
Hint Answer % Correct
2,101,500 Brazil
100%
380,600 France
100%
642,500 Israel
100%
7,769,000 North Korea
100%
3,874,000 Russia
100%
275,053 UK
100%
1,211,000 Ukraine
100%
4,015,000 China
95%
516,050 Colombia
95%
1,314,500 Egypt
95%
368,050 Greece
95%
5,137,500 India
95%
1,000,000 Iran
95%
359,550 Italy
95%
317,500 Japan
95%
409,400 Mexico
95%
1,495,000 Pakistan
95%
251,500 Saudi Arabia
95%
6,712,500 South Korea
95%
890,700 Turkey
95%
2,072,950 USA
95%
467,200 Algeria
89%
1,075,500 Indonesia
89%
341,000 Iraq
89%
395,800 Morocco
89%
699,550 Thailand
84%
336,400 Philippines
79%
1,831,800 Taiwan
79%
5,522,000 Vietnam
79%
259,100 Armenia
74%
346,000 Peru
74%
351,000 Venezuela
74%
471,950 Azerbaijan
68%
444,850 Belarus
68%
1,234,500 Cuba
68%
431,800 Malaysia
68%
513,000 Myanmar
68%
269,000 Syria
68%
292,000 Finland
63%
263,650 Portugal
63%
310,900 Singapore
63%
353,100 Sri Lanka
58%
321,750 Eritrea
53%
495,000 Afganistan
11%
No matching quizzes found
Score Distribution
Percent of People with Each Score
Percentile by Number Answered
Your Score History
You have not taken this quiz